| 000 | 00530nam a22001937a 4500 | ||
|---|---|---|---|
| 003 | LC | ||
| 005 | 20160404093304.0 | ||
| 008 | 121115t xxu||||| |||| 00| 0 eng d | ||
| 020 | _a9780810987999 | ||
| 050 |
_aPZ 7 _b.K6232Dr 2008 |
||
| 082 |
_aFIC _bK65d 2008 |
||
| 100 |
_aKinney, Jeff _919111 |
||
| 245 |
_aDiary of a wimpy kid : _cJeff Kinney _brodrick rules |
||
| 260 |
_aNew York : _bAbrams, _c2008 |
||
| 300 |
_a216 p. ; _c20 cm. |
||
| 650 |
_aMiddle schools _xJuvenile fiction _919406 |
||
| 942 |
_2lcc _cBK |
||
| 999 |
_c11230 _d11230 |
||